| 000 | 01298nam a22003137i 4500 | ||
|---|---|---|---|
| 999 |
_c23384 _d23384 |
||
| 003 | AR-CdUCM | ||
| 008 | 250902b20202020 pe||||| |||| 00| 0 spa d | ||
| 020 | _a978-612-00-4928-0 | ||
| 040 |
_aMUNICIPALIDAD PROVINCIAL DEL CUSCO _cBIBLIOTECA MUNICIPAL DEL CUSCO |
||
| 041 | _hspa | ||
| 082 |
_a338.749 / L88 _bL88 |
||
| 100 |
_aLópez Zeballos, Oscar Raul _951468 |
||
| 245 | _aLa teoria economica en el analisis de la Empresa Nacional de la Coca | ||
| 260 |
_aCusco : _bAutor-Editor _c2020 |
||
| 300 |
_a114 páginas. : _bIlustraciones _c21x15 cm. |
||
| 500 | _zPáginas 112-114 | ||
| 505 | _aQue es ENECO? -- La hoja de coca -- Producción nacional de la hoja de coca -- Evolución de cultivos de coca -- Valle de la Convención-Lares y Kcosñipata -- Valle del VRAEM y Alto Huallaga -- Valles de Pichis-Palcazu, Aguaytía y otros -- Tipos de demanda por países -- Estructura de costos -- Comercio nacional e internacional -- Análisis financiero | ||
| 650 |
_aCoca _921158 |
||
| 650 |
_aCultivos de la coca _951469 |
||
| 650 |
_aENACO _938155 |
||
| 650 |
_aVraem _951470 |
||
| 650 |
_aInambari _951471 |
||
| 650 |
_aTambopata _99121 |
||
| 650 |
_aVajo Amazonas _951472 |
||
| 650 |
_aPutumayo _951473 |
||
| 650 |
_aMarañon _951474 |
||
| 942 |
_2ddc _cLIBROS |
||
| 945 |
_apbjr _d2-09-2025 |
||